| 000 | 02159nam a22004450a 4500 | ||
|---|---|---|---|
| 001 | PT32995 | ||
| 003 | AR-LpoUNG | ||
| 005 | 20250220102814.0 | ||
| 008 | 201001s2008||||ag |||||||||||||||||spa d | ||
| 020 |
_a9789876300285 _c$6.80 |
||
| 040 |
_aAR-LpoUNG _bspa _eaacr |
||
| 041 | 0 | _aspa | |
| 044 | _aag | ||
| 082 | 0 | _a982.066 676pat | |
| 100 | 1 | _aBohoslavsky, Ernesto | |
| 245 | 1 | 3 |
_aLa Patagonia : _bde la guerra de Malvinas al final de la familia ypefiana |
| 250 | _a1ra. ed. | ||
| 260 |
_aBuenos Aires : _bUniversidad Nacional de General Sarmiento : Biblioteca Nacional, _c2008. |
||
| 300 |
_a106 p. : _bil. |
||
| 490 | 0 |
_a25 años, 25 libros ; _vno.7 |
|
| 520 | _a<p>Imaginada muchas veces en la literatura o en el cine nacional, como un lugar remoto y vacío, como un último confín de libertad o como un El Dorado lleno de promesas, la Patagonia Argentina ha sido escenario, durante los últimos veinticinco años, de diversas transformaciones y de muy distintas representaciones en los discursos y en los debates públicos. La Patagonia fue sucesivamente el sitio donde el ex presidente Raúl Alfonsín pudo imaginar una futura capital de la república, el objeto de los mayores despojos operados por el despliegue de las políticas neoliberales de los noventa, el escenario de algunas de las mayores y más originales protestas contra esas políticas y una actual fuente de divisas asociadas al pujante negocio del turismo.</p> | ||
| 650 | 4 | _aANALISIS SOCIOLOGICO | |
| 650 | 4 | _aARGENTINA | |
| 650 | 4 | _aDESEMPLEO | |
| 650 | 4 | _aECONOMIA | |
| 650 | 4 | _aEMPRESAS PUBLICAS | |
| 650 | 4 | _aHISTORIA SOCIAL | |
| 650 | 4 | _aPRIVATIZACION | |
| 650 | 4 | _aPRODUCCION | |
| 650 | 4 | _aRECESION ECONOMICA | |
| 650 | 4 | _aRELACIONES LABORALES | |
| 650 | 4 | _aTRABAJADORES | |
| 650 | 4 | _aTRABAJO | |
| 700 | 1 |
_aGalván, Valeria _ecol. |
|
| 710 | 2 | _aBiblioteca Nacional (Argentina) | |
| 710 | 2 | _aUniversidad Nacional de General Sarmiento (Buenos Aires) | |
| 856 | 4 | 0 |
_uhttp://repositorio.ungs.edu.ar/handle/UNGS/88 _yTexto completo |
| 905 | _a32995 | ||
| 942 |
_cLIB _2ddc |
||
| 999 |
_c52444 _d52444 |
||